| 000 | 01077nam a22002057a 4500 | ||
|---|---|---|---|
| 999 |
_c59214 _d59214 |
||
| 003 | Ge_BSU | ||
| 005 | 20221214144024.0 | ||
| 008 | 221214s1986ge xxu||||| |||| 00| 0 geo d | ||
| 041 | _ageo | ||
| 080 | _a821.353.1-391 ო-52 | ||
| 100 |
_aორბელიანი, სულხან-საბა, 1658-1725, ავტორი. _916408 |
||
| 245 |
_aსიბრძნე სიცრუისა / _c სულხან-საბა ორბელიანი ; [ლ. მენაბდის წინასიტყვაობით და რედაქციით]. |
||
| 264 |
_aთბილისი : _bთბილ. უნ-ტის გამ-ბა, _c1986. |
||
| 300 |
_a206 გვ. ; _b20 სმ. |
||
| 501 | _aლექსიკონი: გვ. 181-205. | ||
| 653 | _aსიბრძნე სიცრუისა | ||
| 700 |
_a ჭუმბურიძე, ზ _eშემდგენელი _916409 |
||
| 700 |
_aმენაბდე, ლ _eწინასიტყვაობით და რედაქციით _914531 |
||
| 942 |
_2udc _cBK |
||